000 00283nam a22001217a 4500
008 181121b xxu||||| |||| 00| 0 eng d
041 _aeng
080 _210 th
_a159.9
100 _a49
101 _aPSI
245 _aExploring Psychology In Modules
_cDavid.G.M
942 _2udc
_cBK
999 _c52266
_d52266